header

Fault lines in China's economic terrain (Record no. 173065)

MARC details
000 -LEADER
fixed length control field 01350nam a22003254a 4500
082 04 - DEWEY DECIMAL CLASSIFICATION NUMBER
Classification number 330.951
245 00 - TITLE STATEMENT
Title Fault lines in China's economic terrain
260 ## - PUBLICATION, DISTRIBUTION, ETC. (IMPRINT)
Place of publication Santa Monica, CA :
Name of publisher RAND,
Year of publication 2003.
300 ## - PHYSICAL DESCRIPTION
Number of Pages xxvii, 207 p. :
Other physical details ill., map.
500 ## - GENERAL NOTE
General note "Prepared for the Office of Net Assessment, Dept. of Defense and the Smith Richardson Foundation."
650 #0 - SUBJECT ADDED ENTRY--TOPICAL TERM
Topical Term Public health
700 1# - ADDED ENTRY--PERSONAL NAME
Personal name Wolf, Charles,
856 40 - ELECTRONIC LOCATION AND ACCESS
Uniform Resource Identifier http://site.ebrary.com/lib/rucke/Doc?id=10056144

No items available.

© 2026 Rongo University
Contact us: librarian | system librarian | Rongo university